[Event "FIDE World Cup 2013"]
[Site "Tromso NOR"]
[Date "2013.08.15"]
[Round "2.2"]
[White "Eljanov, Pavel"]
[Black "Jakovenko, Dmitry"]
[Result "1-0"]
[WhiteTitle "GM"]
[BlackTitle "GM"]
[WhiteElo "2702"]
[BlackElo "2724"]
[WhiteFideId "14102951"]
[BlackFideId "4122356"]
[EventDate "2013.08.11"]

1. c4 Nf6 2. Nc3 c5 3. g3 e6 4. Nf3 b6 5. Bg2 Bb7 6. O-O Be7 7. d4 cxd4 8. Qxd4
O-O 9. Rd1 d6 10. Bg5 Nc6 11. Qd2 Qb8 12. h3 Rd8 13. Rac1 h6 14. Be3 Rd7 15. b3
Qf8 16. Nd4 Nxd4 17. Bxd4 Bxg2 18. Kxg2 Rc8 19. e4 Ne8 20. Qe2 Bf6 21. Be3 Qe7
22. Rd3 Rdd8 23. Qd2 Qb7 24. f3 Be5 25. a4 a6 26. Rd1 Bf6 27. h4 Rc6 28. Bd4
Bxd4 29. Rxd4 Rdc8 30. g4 Rc5 31. Rd3 Qe7 32. Qf2 g5 33. hxg5 hxg5 34. Qd4 R8c6
35. Na2 b5 36. Nb4 Rc8 37. Nxa6 bxc4 38. Nxc5 cxd3 39. Nxd3 Rc2+ 40. Nf2 e5 41.
Qd3 Qc7 42. b4 Rb2 43. Rb1 Ra2 44. Qe3 Ng7 45. Rc1 Qd8 46. Qb3 Rd2 47. Rd1 Rxd1
48. Qxd1 Qb6 49. Qd2 Ne6 50. Nh3 Kg7 51. a5 Qa6 52. Qa2 Kg6 53. b5 Qxb5 54. a6
Nc7 55. a7 Qb7 56. Nf2 Na6 57. Nd3 Qxa7 58. Nb4 Qb6 59. Nxa6 Kg7 60. Qc4 Qb2+
61. Kf1 Qa1+ 62. Kf2 Qb2+ 63. Ke3 Qb6+ 64. Kd2 Qb2+ 65. Qc2 Qb6 66. Qd3 Qb2+ 67.
Kd1 Qa1+ 68. Ke2 Qb2+ 69. Kf1 Qa1+ 70. Kf2 Qb2+ 71. Qe2 Qb6+ 72. Kg2 Qa5 73. Kh3
Qb6 74. Qa2 Qe3 75. Kg2 Qb6 76. Qa3 Qd4 77. Qb3 Qd2+ 78. Kf1 Qc1+ 79. Ke2 Qg1
80. Nb4 Qg2+ 81. Kd1 Qf1+ 82. Kc2 Qe2+ 83. Kb1 Qe1+ 84. Kb2 Qd2+ 85. Ka3 Qc1+
86. Ka4 Qc5 87. Qd5 Qb6 88. Qc6 Qd4 89. Kb5 Qd2 90. Qd5 1-0

[Event "FIDE World Cup 2013"]
[Site "Tromso NOR"]
[Date "2013.08.15"]
[Round "2.2"]
[White "Le, Quang Liem"]
[Black "Vallejo Pons, Francisco"]
[Result "1/2-1/2"]
[WhiteTitle "GM"]
[BlackTitle "GM"]
[WhiteElo "2702"]
[BlackElo "2706"]
[WhiteFideId "12401137"]
[BlackFideId "2205530"]
[EventDate "2013.08.11"]

1. Nf3 d5 2. d4 Nf6 3. c4 c6 4. e3 Bf5 5. Nc3 a6 6. Be2 h6 7. Qb3 Ra7 8. cxd5
cxd5 9. Ne5 e6 10. Bd2 Be7 11. O-O O-O 12. Rfc1 Nfd7 13. Nxd7 Qxd7 14. Na4 Nc6
15. Nc5 Qc7 16. h3 Rc8 17. a4 Bd6 18. a5 Qe7 19. Bd3 Bxd3 20. Nxd3 Raa8 21. Rc2
Na7 22. Rac1 Rxc2 23. Rxc2 1/2-1/2

[Event "FIDE World Cup 2013"]
[Site "Tromso NOR"]
[Date "2013.08.15"]
[Round "2.2"]
[White "Felgaer, Ruben"]
[Black "Areshchenko, Alexander"]
[Result "0-1"]
[WhiteTitle "GM"]
[BlackTitle "GM"]
[WhiteElo "2586"]
[BlackElo "2709"]
[WhiteFideId "107069"]
[BlackFideId "14109530"]
[EventDate "2013.08.11"]

1. e4 c5 2. Nc3 d6 3. Nge2 Nf6 4. g3 b5 5. Bg2 Bb7 6. d4 Nbd7 7. O-O b4 8. Nd5
e6 9. Nxf6+ Nxf6 10. d5 exd5 11. exd5 Be7 12. c4 O-O 13. h3 Nd7 14. Bf4 Re8 15.
Qc2 a5 16. a4 Nf8 17. g4 Ng6 18. Bh2 Bc8 19. Rae1 h5 20. f4 Bh4 21. f5 Ne5 22.
Ng3 hxg4 23. Re4 gxh3 24. Bxh3 Qg5 25. Kg2 b3 26. Qxb3 Ba6 27. Rff4 Bxc4 28.
Rxc4 Rab8 29. Qc2 Nxc4 30. Rxc4 Bxg3 31. Bxg3 Re3 32. Rg4 Qf6 33. Kg1 Rxb2 34.
Qc1 Rbb3 35. Kh2 Re2+ 36. Kg1 Rxg3+ 37. Rxg3 Qd4+ 38. Kh1 Qe4+ 0-1

[Event "FIDE World Cup 2013"]
[Site "Tromso NOR"]
[Date "2013.08.15"]
[Round "2.2"]
[White "Malakhov, Vladimir"]
[Black "Fressinet, Laurent"]
[Result "1/2-1/2"]
[WhiteTitle "GM"]
[BlackTitle "GM"]
[WhiteElo "2707"]
[BlackElo "2708"]
[WhiteFideId "4120787"]
[BlackFideId "608742"]
[EventDate "2013.08.11"]

1. e4 e5 2. Nf3 Nc6 3. Nc3 Nf6 4. d4 exd4 5. Nxd4 Bb4 6. Nxc6 bxc6 7. Bd3 O-O 8.
O-O d5 9. exd5 cxd5 10. h3 Rb8 11. Qf3 Bb7 12. Bg5 d4 13. Ne4 Bxe4 14. Bxe4 h6
15. Bxf6 Qxf6 16. Qxf6 gxf6 17. Bd3 Bd6 18. Rab1 Rfe8 19. g3 Kg7 20. Rfd1 c5 21.
Kg2 Bc7 22. a3 Rb6 23. h4 Re5 24. b4 Bd6 25. bxc5 Bxc5 26. Rxb6 axb6 27. Rb1 Re7
28. a4 Ra7 29. Ra1 Bb4 30. Rb1 Bc5 31. Bb5 Re7 32. g4 Re5 33. Bd3 Re7 34. Kf3
Ra7 35. Ra1 Re7 36. a5 bxa5 37. Rxa5 Bb4 38. Rd5 Bc3 39. Rd8 Bb2 40. h5 Bc3 41.
Kg2 Bb2 42. f4 Bc3 43. Rd6 Re6 44. Rd7 Kf8 45. Bc4 Re7 46. Rd6 Kg7 47. g5 fxg5
48. fxg5 Bd2 49. gxh6+ Bxh6 50. Rxd4 Rc7 51. Bd3 Rc5 52. Rh4 Bg5 53. Rh3 Kh6 54.
c4 Re5 55. Kf2 Be7 56. Be2 Bc5+ 57. Kf1 Re3 58. Rxe3 1/2-1/2

[Event "FIDE World Cup 2013"]
[Site "Tromso NOR"]
[Date "2013.08.15"]
[Round "2.2"]
[White "So, Wesley"]
[Black "Tomashevsky, Evgeny"]
[Result "1/2-1/2"]
[WhiteTitle "GM"]
[BlackTitle "GM"]
[WhiteElo "2710"]
[BlackElo "2706"]
[WhiteFideId "5202213"]
[BlackFideId "4147235"]
[EventDate "2013.08.11"]

1. e4 e5 2. Nf3 Nc6 3. Bb5 a6 4. Ba4 Nf6 5. O-O Be7 6. Re1 b5 7. Bb3 O-O 8. c3
d5 9. exd5 Nxd5 10. Nxe5 Nxe5 11. Rxe5 c6 12. Re1 Bd6 13. d4 Qh4 14. g3 Qh3 15.
Re4 g5 16. Qf1 Qh5 17. f3 Bf5 18. Nd2 Rae8 19. a4 Bxe4 20. fxe4 f5 21. e5 f4 22.
Qd1 f3 23. Nxf3 1/2-1/2